[Event "Finkenstein Open"]
[Site "?"]
[Date "2000.08.12"]
[Round "1.1"]
[White "Graber, Josef"]
[Black "Fercec, Nenad"]
[Result "0-1"]
[WhiteElo "1785"]
[BlackElo "2458"]
[PlyCount "80"]

1. e4 c5 2. Nf3 d6 3. d4 cxd4 4. Nxd4 Nf6 5. Nc3 g6 6. Be3 Bg7 7. Be2 O-O 8.
O-O Nc6 9. f4 Bd7 10. Bf3 Nxd4 11. Bxd4 Bc6 12. Be3 Qc7 13. Qd2 b5 14. a3 a5
15. Nd5 Qb7 16. Rad1 e6 17. Nxf6+ Bxf6 18. Bd4 e5 19. Bc3 Rfd8 20. Rfe1 b4 21.
axb4 axb4 22. Bxb4 exf4 23. Bc3 Be5 24. Kh1 Re8 25. Bd4 Bxd4 26. Qxd4 Re6 27.
Re2 Ra4 28. c4 Qb3 29. Rc1 h5 30. h3 Qb4 31. Kh2 Ra5 32. Qd3 Rae5 33. Rce1 Kh7
34. b3 Qb7 35. Qc2 Qe7 36. Qd3 Qh4 37. Qd4 f5 38. Qf2 Qg3+ 39. Qxg3 fxg3+ 40.
Kxg3 fxe4 0-1

[Event "Finkenstein Open"]
[Site "?"]
[Date "2000.08.12"]
[Round "1.2"]
[White "Horvath, Peter"]
[Black "Melcher, Jakob"]
[Result "1-0"]
[WhiteElo "2434"]
[BlackElo "1781"]
[PlyCount "67"]

1. d4 g6 2. Nf3 Bg7 3. c4 Nf6 4. g3 d6 5. Bg2 c6 6. O-O O-O 7. Nc3 a6 8. e4
Nbd7 9. h3 h6 10. Re1 Nh7 11. Be3 e5 12. Qd2 h5 13. Rad1 Qe7 14. Bh6 Re8 15.
Bxg7 Kxg7 16. b4 b6 17. dxe5 dxe5 18. Qd6 Qxd6 19. Rxd6 Re6 20. Rxe6 fxe6 21.
Rd1 Kf6 22. Rd6 Nb8 23. Na4 Ke7 24. Nxb6 Kxd6 25. c5+ Ke7 26. Nxa8 Kf6 27. Nb6
Bb7 28. Nc4 Nd7 29. Bf1 a5 30. Nxa5 Ng5 31. Nxg5 Kxg5 32. Nxb7 h4 33. a4 Nf6
34. Nd6 1-0

[Event "Finkenstein Open"]
[Site "?"]
[Date "2000.08.12"]
[Round "1.3"]
[White "Sommerbauer, Adolf"]
[Black "Basagic, Zlatko"]
[Result "1/2-1/2"]
[WhiteElo "1765"]
[BlackElo "2338"]
[PlyCount "73"]

1. e4 c5 2. Nf3 e6 3. d4 cxd4 4. Nxd4 Nf6 5. Nc3 Nc6 6. Ndb5 d6 7. Bf4 e5 8.
Be3 a6 9. Na3 b5 10. Nd5 Rb8 11. f3 Nxd5 12. Qxd5 Bb7 13. Qd2 f5 14. exf5 d5
15. Bg5 Qd7 16. Bd3 Bc5 17. c3 O-O 18. Nc2 Qf7 19. O-O-O d4 20. Kb1 dxc3 21.
Qxc3 Bd4 22. Qb3 Qxb3 23. axb3 Bb6 24. Be4 Na5 25. b4 Bxe4 26. fxe4 Nc6 27. Rd6
Rfc8 28. Rhd1 Rb7 29. Rd7 Rxd7 30. Rxd7 h6 31. Bh4 Bg1 32. h3 Bh2 33. Bf2 Bf4
34. g3 Bg5 35. Bc5 h5 36. h4 Bh6 37. b3 1/2-1/2

[Event "Finkenstein Open"]
[Site "?"]
[Date "2000.08.12"]
[Round "1.4"]
[White "Kiss, Attila"]
[Black "Huber, Friedrich"]
[Result "1-0"]
[WhiteElo "2338"]
[BlackElo "1761"]
[PlyCount "79"]

1. d4 d5 2. c4 e6 3. Nf3 Nf6 4. g3 b6 5. Bg2 Bb7 6. O-O Be7 7. Nc3 O-O 8. cxd5
Nxd5 9. Nxd5 Bxd5 10. Qc2 Nd7 11. Rd1 Nf6 12. Ne5 Bxg2 13. Kxg2 Qd5+ 14. f3 c5
15. e4 Qb7 16. dxc5 Bxc5 17. Bg5 Rac8 18. Bxf6 gxf6 19. Rd7 Qa6 20. Ng4 Be7 21.
Qf2 Qa4 22. Rad1 Rc2 23. R1d2 Rfc8 24. Kh3 h5 25. Rxe7 hxg4+ 26. Kxg4 Rxd2 27.
Qxd2 Kg7 28. b3 Qb5 29. h4 Kg6 30. Rxa7 f5+ 31. Kh3 Qf1+ 32. Kh2 f4 33. gxf4
Rh8 34. Qg2+ Qxg2+ 35. Kxg2 Rxh4 36. Kg3 Rh5 37. a4 Rc5 38. Ra6 b5 39. Ra5 e5
40. Rxb5 1-0

[Event "Finkenstein Open"]
[Site "?"]
[Date "2000.08.12"]
[Round "1.5"]
[White "Kreisl, Robert"]
[Black "Fucak, Emilijo"]
[Result "0-1"]
[WhiteElo "1745"]
[BlackElo "2334"]
[PlyCount "84"]

1. e4 c5 2. Nf3 Nc6 3. d4 cxd4 4. Nxd4 Qb6 5. Nb3 Nf6 6. Nc3 e6 7. Be3 Qc7 8.
Bd3 a6 9. O-O Ne5 10. Bf4 Bd6 11. Bg3 h5 12. f3 h4 13. Bxe5 Bxe5 14. h3 Bxc3
15. bxc3 Qxc3 16. Qd2 Qxd2 17. Nxd2 d5 18. exd5 exd5 19. Rfe1+ Be6 20. Rab1
O-O-O 21. Nb3 Nd7 22. f4 Rh5 23. Bg6 fxg6 24. Rxe6 Rf5 25. Rxg6 Rxf4 26. Rxg7
Ra4 27. Rb2 b6 28. Nd2 Re8 29. Nf3 Re3 30. Rh7 Rea3 31. Rxh4 Rxa2 32. Rxa4 Rxa4
33. h4 Kc7 34. Kh2 Nf6 35. Kh3 a5 36. Ne5 Re4 37. Nd3 Re3+ 38. Kh2 Ng4+ 39. Kg1
Re2 40. Kf1 Rd2 41. Rb1 Ne3+ 42. Ke1 Rxg2 0-1

[Event "Finkenstein Open"]
[Site "?"]
[Date "2000.08.12"]
[Round "1.6"]
[White "Jeric, Simon"]
[Black "Huber, David"]
[Result "1-0"]
[WhiteElo "2333"]
[BlackElo "1743"]
[PlyCount "67"]

1. Nf3 Nf6 2. g3 d5 3. Bg2 g6 4. b4 Bg7 5. Bb2 O-O 6. O-O b6 7. c4 c6 8. Qc2
Bb7 9. d3 Nbd7 10. e4 dxe4 11. dxe4 Qc7 12. Nc3 e5 13. h3 Rfe8 14. Rfe1 Nf8 15.
b5 Rac8 16. Qe2 a6 17. a4 N6d7 18. h4 Nc5 19. bxc6 Qxc6 20. Nd5 Nfd7 21. Bh3
Nxa4 22. Nb4 Nc3 23. Bxc3 Qxc4 24. Bxd7 Qxe2 25. Rxe2 Rxc3 26. Bxe8 Rxf3 27.
Nxa6 f5 28. Re3 fxe4 29. Rxf3 exf3 30. Bb5 e4 31. Rd1 Bf6 32. Rd6 Be7 33. Rxb6
Bd5 34. Bc6 1-0

[Event "Finkenstein Open"]
[Site "?"]
[Date "2000.08.12"]
[Round "1.7"]
[White "Spitzl, Robert"]
[Black "Sebenik, Matej"]
[Result "0-1"]
[WhiteElo "1739"]
[BlackElo "2287"]
[PlyCount "58"]

1. e4 e6 2. d4 d5 3. Nc3 Bb4 4. Bd3 dxe4 5. Bxe4 c5 6. Nge2 Nf6 7. Bf3 Nc6 8.
Be3 Qe7 9. O-O O-O 10. a3 Bxc3 11. bxc3 Rd8 12. Qb1 e5 13. Bxc6 bxc6 14. dxc5
Ba6 15. Re1 Nd5 16. Qc1 Bxe2 17. Rxe2 Nxc3 18. Rd2 Nd5 19. c4 Nxe3 20. Rxd8+
Rxd8 21. Qxe3 Rd4 22. Rb1 h6 23. Rc1 Qxc5 24. g3 Qd6 25. Qb3 g6 26. Re1 Kg7 27.
Rc1 Rd3 28. Rc3 e4 29. Qb2 Qd4 0-1

[Event "Finkenstein Open"]
[Site "?"]
[Date "2000.08.12"]
[Round "1.8"]
[White "Neulinger, Manfred"]
[Black "Wiesinger, Johann"]
[Result "1-0"]
[WhiteElo "2286"]
[BlackElo "1737"]
[PlyCount "41"]

1. e4 e5 2. Nf3 Nc6 3. Bb5 a6 4. Ba4 Nf6 5. O-O Nxe4 6. d4 b5 7. Bb3 d5 8. dxe5
Be6 9. c3 Bc5 10. Qe2 O-O 11. Be3 Bxe3 12. Qxe3 Qe7 13. Nbd2 f5 14. exf6 Nxf6
15. Rae1 Rae8 16. a4 Bf5 17. axb5 Qxe3 18. Rxe3 Rxe3 19. fxe3 axb5 20. e4 Bd7
21. e5 1-0

[Event "Finkenstein Open"]
[Site "?"]
[Date "2000.08.12"]
[Round "1.9"]
[White "Eberdorfer, W."]
[Black "Keller, Manfred"]
[Result "0-1"]
[WhiteElo "1708"]
[BlackElo "2200"]
[PlyCount "56"]

1. d4 Nf6 2. Nf3 g6 3. c4 Bg7 4. Nc3 d5 5. cxd5 Nxd5 6. e4 Nxc3 7. bxc3 c5 8.
h3 O-O 9. Be3 Qa5 10. Qd2 Nc6 11. Rb1 cxd4 12. cxd4 Qxd2+ 13. Kxd2 Rd8 14. Kc3
Be6 15. Bc4 Nxd4 16. Bxd4 Rac8 17. Bxg7 Rxc4+ 18. Kb2 Kxg7 19. Rbc1 Rxe4 20.
Rhe1 Ra4 21. a3 Rd3 22. Re3 Raxa3 23. Rxd3 Rxd3 24. Rc7 Bd5 25. Rxe7 Bxf3 26.
gxf3 Rxf3 27. Rxb7 Rxf2+ 28. Kb1 a5 0-1

[Event "Finkenstein Open"]
[Site "?"]
[Date "2000.08.12"]
[Round "1.10"]
[White "Goeslbauer, Harald"]
[Black "Eckhoff, Karlheinz"]
[Result "0-1"]
[WhiteElo "1920"]
[BlackElo "1705"]
[PlyCount "114"]

1. c4 c5 2. Nc3 Nc6 3. Nf3 Nf6 4. g3 Nd4 5. Bg2 Nxf3+ 6. Bxf3 e6 7. e4 d6 8.
O-O e5 9. d3 h6 10. Bg2 Be7 11. h3 a6 12. f4 Bd7 13. Be3 b5 14. Rf2 Qc8 15. Kh2
h5 16. fxe5 dxe5 17. Qe2 h4 18. g4 Bxg4 19. Qf1 Be6 20. Nd5 Bxd5 21. exd5 Ra7
22. Re1 Qd8 23. Rf5 Bd6 24. Kh1 bxc4 25. dxc4 Nh5 26. Bf2 Re7 27. Re4 Nf4 28.
Qe1 Qb6 29. b3 Qc7 30. Bxh4 f6 31. Bg3 Nxh3 32. Bxh3 Rxh3+ 33. Kg2 Rh6 34. Qe2
Kd8 35. Rh5 Kc8 36. Rxh6 gxh6 37. Qh5 Qd7 38. Rh4 f5 39. Qxh6 Rg7 40. Kf2 f4
41. Bh2 Kc7 42. Kf3 Re7 43. Ke4 f3 44. Bg1 Rf7 45. Ke3 f2 46. Bxf2 Qf5 47. Be1
Qf1 48. Kd2 Qg2+ 49. Kd1 Qxa2 50. Rh3 e4 51. Qe6 Rg7 52. Qxe4 Qa1+ 53. Kd2 Re7
54. Rh7 Qb2+ 55. Kd1 Qxb3+ 56. Kc1 Qa3+ 57. Kd1 Qb3+ 0-1

[Event "Finkenstein Open"]
[Site "?"]
[Date "2000.08.12"]
[Round "1.11"]
[White "Aigner, Max"]
[Black "Hummel, Markus"]
[Result "0-1"]
[WhiteElo "1699"]
[BlackElo "2191"]
[PlyCount "66"]

1. e4 c5 2. Nf3 d6 3. Nc3 g6 4. d3 Bg7 5. Be2 Nc6 6. O-O e6 7. Bd2 Nge7 8. Rb1
O-O 9. h3 Rb8 10. Qc1 Re8 11. Bh6 Bh8 12. Nh2 b5 13. Ng4 b4 14. Nd1 f5 15. exf5
exf5 16. Nge3 Nd4 17. Re1 Be6 18. c3 Nxe2+ 19. Rxe2 Nc6 20. a3 bxa3 21. bxa3
Rxb1 22. Qxb1 Qh4 23. Nc4 Qxh6 24. Nxd6 Rb8 25. Qc2 Be5 26. Qa4 Qf4 27. Qxf4
Bxf4 28. Rxe6 Rb1 29. Kf1 Rxd1+ 30. Ke2 Rd2+ 31. Kf3 Bxd6 32. Rxd6 Ne5+ 33. Ke3
Nc4+ 0-1

[Event "Finkenstein Open"]
[Site "?"]
[Date "2000.08.12"]
[Round "1.12"]
[White "Kock, Hans-Uwe"]
[Black "Lughofer, Norbert"]
[Result "1-0"]
[WhiteElo "2167"]
[BlackElo "1678"]
[PlyCount "61"]

1. d4 c6 2. Nf3 d5 3. c4 Nf6 4. Nc3 e6 5. e3 Be7 6. Qc2 Nbd7 7. b3 a6 8. Bd3 b6
9. O-O Bb7 10. Bb2 dxc4 11. bxc4 c5 12. Qe2 Qc7 13. Rfd1 O-O 14. Rd2 Rfd8 15.
Rad1 cxd4 16. exd4 Ng4 17. Be4 Bxe4 18. Nxe4 Ndf6 19. Ng3 Nd7 20. h3 Ngf6 21.
d5 Nc5 22. Be5 Bd6 23. dxe6 Bxe5 24. exf7+ Kxf7 25. Nxe5+ Kf8 26. Nh5 Rxd2 27.
Rxd2 Nce4 28. Nxf6 Nxd2 29. Nfd7+ Ke7 30. Qxd2 Ke6 31. Qd5+ 1-0

[Event "Finkenstein Open"]
[Site "?"]
[Date "2000.08.12"]
[Round "1.13"]
[White "Holzinger, Hermann"]
[Black "Brauer, Christian"]
[Result "0-1"]
[WhiteElo "1668"]
[BlackElo "2160"]
[PlyCount "82"]

1. c4 c5 2. Nf3 Nc6 3. Nc3 g6 4. g3 Bg7 5. Bg2 Nf6 6. O-O O-O 7. e3 d5 8. cxd5
Nxd5 9. Nxd5 Qxd5 10. Nd4 Qd6 11. Nxc6 bxc6 12. Rb1 Ba6 13. Re1 Bd3 14. Ra1
Rfb8 15. Qa4 Rb6 16. Bf1 a6 17. Qa3 Bxf1 18. Rxf1 c4 19. Qxd6 exd6 20. Rd1 Bxb2
21. Bxb2 Rxb2 22. Kf1 Rab8 23. Ke1 R8b6 24. Rdc1 d5 25. h4 Kf8 26. g4 h5 27.
gxh5 gxh5 28. f3 Ke7 29. Ke2 a5 30. e4 Kd6 31. f4 Kc5 32. e5 Kd4 33. Rc3 Ke4
34. Re3+ Kf5 35. Rg1 Rxa2 36. Rg5+ Kxf4 37. Rg7 Rbb2 38. Rxf7+ Kg4 39. e6 Rxd2+
40. Ke1 Rdb2 41. Rg7+ Kf4 0-1

[Event "Finkenstein Open"]
[Site "?"]
[Date "2000.08.12"]
[Round "1.14"]
[White "Hicker, Harald"]
[Black "Bergmann, Walter"]
[Result "1-0"]
[WhiteElo "2145"]
[BlackElo "1659"]
[PlyCount "41"]

1. Nf3 Nf6 2. d4 d6 3. c4 g6 4. Nc3 Bg7 5. e4 O-O 6. Be2 e5 7. d5 Nbd7 8. O-O
Nc5 9. Qc2 a5 10. Ne1 Ne8 11. Nd3 b6 12. f4 f5 13. Nxc5 bxc5 14. Bd3 fxe4 15.
Nxe4 Bd7 16. Bd2 exf4 17. Bxf4 Bd4+ 18. Kh1 Rb8 19. Bg5 Nf6 20. Rab1 Qe7 21. b3
{Rest nicht nachvollziehbar} 1-0

[Event "Finkenstein Open"]
[Site "?"]
[Date "2000.08.12"]
[Round "1.16"]
[White "Eichhorn, Alfred"]
[Black "Hetfleis, Enrico"]
[Result "1-0"]
[WhiteElo "2122"]
[BlackElo "1625"]
[PlyCount "45"]

1. e4 c6 2. d4 d5 3. Nc3 dxe4 4. Nxe4 Bf5 5. Ng3 Bg6 6. Nf3 Nd7 7. h4 h6 8. h5
Bh7 9. Bd3 Bxd3 10. Qxd3 Ngf6 11. Bd2 e6 12. O-O-O Qc7 13. c4 O-O-O 14. Kb1 Bd6
15. Ne4 Nxe4 16. Qxe4 Nf6 17. Qc2 c5 18. Rc1 Kb8 19. Rh4 Rd7 20. dxc5 Bxc5 21.
b4 Qb6 22. Qb2 Be7 23. Ne5 1-0

[Event "Finkenstein Open"]
[Site "?"]
[Date "2000.08.12"]
[Round "1.17"]
[White "Rachbauer, Alois"]
[Black "Giessmann, Andreas"]
[Result "0-1"]
[WhiteElo "1604"]
[BlackElo "2072"]
[PlyCount "68"]

1. e4 d5 2. exd5 Nf6 3. c4 e6 4. dxe6 Bxe6 5. d4 Qe7 6. Qe2 Nc6 7. Nf3 O-O-O 8.
d5 Nb4 9. a3 Bf5 10. axb4 Qxb4+ 11. Qd2 Re8+ 12. Be2 Qxc4 13. Nc3 Rxe2+ 14.
Qxe2 Bd3 15. Ne5 Bxe2 16. Nxc4 Bxc4 17. Rxa7 Kb8 18. Ra4 Bb3 19. Ra1 Nxd5 20.
Nxd5 Bxd5 21. O-O Bd6 22. Be3 b6 23. Rfd1 Bb3 24. Rd3 Bc4 25. Rd4 Bb5 26. Rad1
Kb7 27. Rxd6 cxd6 28. Rxd6 Bc6 29. b4 Ra8 30. h3 Ra1+ 31. Kh2 Rb1 32. Rd4 Ka6
33. Bf4 Kb5 34. Bd6 Rb2 0-1

[Event "Finkenstein Open"]
[Site "?"]
[Date "2000.08.12"]
[Round "1.18"]
[White "Nikolic, Stanko"]
[Black "Sniesko, Robert"]
[Result "1-0"]
[WhiteElo "2090"]
[BlackElo "1603"]
[PlyCount "81"]

1. e4 e5 2. Nf3 Nf6 3. Nxe5 d6 4. Nf3 Nxe4 5. d4 d5 6. Bd3 h6 7. O-O Be7 8. c4
Nf6 9. h3 O-O 10. Nc3 Be6 11. c5 Qd7 12. Ne5 Qc8 13. Re1 Nc6 14. Nxc6 bxc6 15.
Qf3 Re8 16. Bf4 Rb8 17. b3 Rb4 18. Rad1 g5 19. Be5 Nd7 20. Qh5 Bf8 21. h4 Nxe5
22. Rxe5 Bg4 23. Rxe8 Bxh5 24. Rxc8 Bxd1 25. Nxd1 Rxd4 26. Be2 Rxh4 27. Rxc7
Bxc5 28. Rxc6 Bb6 29. Rd6 d4 30. Bf3 g4 31. g3 Rh5 32. Bxg4 Ra5 33. a4 Kg7 34.
Be2 Re5 35. Kf1 Re7 36. b4 Re6 37. Rxe6 fxe6 38. Bc4 e5 39. f3 Kf6 40. Nf2 Bc7
41. Ne4+ 1-0

[Event "Finkenstein Open"]
[Site "?"]
[Date "2000.08.12"]
[Round "1.19"]
[White "Baronbeck, Johann"]
[Black "Bruns, Michael"]
[Result "0-1"]
[WhiteElo "1600"]
[BlackElo "2059"]
[PlyCount "51"]

1. e4 Nf6 2. Nc3 d5 3. exd5 Nxd5 4. Nxd5 Qxd5 5. Qf3 Qc5 6. c3 e5 7. Qe3 Be6 8.
Qxc5 Bxc5 9. f4 exf4 10. d4 Bd6 11. Nf3 Nd7 12. Ng5 O-O-O 13. Ne4 Be7 14. Bxf4
h6 15. h3 Rhe8 16. Bd3 f5 17. Nd2 g5 18. Bh2 f4 19. O-O c5 20. dxc5 Nxc5 21.
Bb5 Rxd2 22. Bxe8 Nd3 23. b4 Bd5 24. Rf3 Bxf3 25. gxf3 Bd8 26. h4 0-1

[Event "Finkenstein Open"]
[Site "?"]
[Date "2000.08.12"]
[Round "1.20"]
[White "Vitouch, Anatol"]
[Black "Isola, Rainer"]
[Result "1-0"]
[WhiteElo "2084"]
[BlackElo "1586"]
[PlyCount "61"]

1. Nf3 f5 2. c4 Nf6 3. g3 d6 4. Bg2 e5 5. O-O Nc6 6. Nc3 Be7 7. d3 O-O 8. Rb1
Rb8 9. b4 Bd7 10. e3 Be8 11. b5 Na5 12. Nd2 c6 13. Ba3 c5 14. f4 Ng4 15. Nd5 b6
16. h3 Nh6 17. Bb2 Nf7 18. e4 Bd7 19. exf5 Bxf5 20. Ne4 Qd7 21. g4 Bxe4 22.
Bxe4 exf4 23. Bf5 Qd8 24. Nxf4 Qe8 25. Ne6 Bh4 26. Qd2 Ne5 27. Bxe5 dxe5 28.
Nxf8 Qd8 29. Be6+ Kh8 30. Nd7 Qc7 31. Nxb8 1-0

[Event "Finkenstein Open"]
[Site "?"]
[Date "2000.08.12"]
[Round "1.23"]
[White "Koegler, Margarethe"]
[Black "Gallob, Alois"]
[Result "0-1"]
[WhiteElo "1577"]
[BlackElo "2045"]
[PlyCount "112"]

1. d4 Nf6 2. c4 c5 3. Nf3 d6 4. Nc3 cxd4 5. Nxd4 e5 6. Nf3 Be6 7. b3 Nc6 8. Bg5
Qa5 9. Qc2 Nd4 10. Qc1 Ne4 11. Bd2 Nxf3+ 12. exf3 Nxd2 13. Qxd2 Rc8 14. Rc1 Be7
15. Bd3 h6 16. O-O Bg5 17. Qc2 Bxc1 18. Qxc1 O-O 19. Nb5 Rfd8 20. Qb2 a6 21.
Na3 d5 22. b4 Qb6 23. c5 Qc6 24. Re1 f6 25. Bb1 b6 26. Qc2 bxc5 27. Qh7+ Kf8
28. Bg6 cxb4 29. Qh8+ Bg8 30. Nc2 a5 31. Ne3 Rc7 32. Nf5 Qe6 33. Bh7 Qf7 34.
Bxg8 Qxg8 35. Qxg8+ Kxg8 36. h3 Kf7 37. Rd1 Ke6 38. g4 h5 39. Kg2 g6 40. Ne3
hxg4 41. hxg4 f5 42. Rh1 f4 43. Nf1 Rc2 44. a4 b3 45. Rh7 Rd7 46. Rh8 Rb7 47.
Rg8 Kf7 48. Ra8 b2 49. Rxa5 b1=Q 50. Rxd5 Ke6 51. Ra5 Qb2 52. Ra6+ Kf7 53. g5
Rxf2+ 54. Kg1 Rxf1+ 55. Kxf1 Qc1+ 56. Kf2 Qc2+ 0-1

[Event "Finkenstein Open"]
[Site "?"]
[Date "2000.08.12"]
[Round "1.31"]
[White "Grabner, Josef"]
[Black "Boskovic, Martin"]
[Result "0-1"]
[WhiteElo "1527"]
[BlackElo "1968"]
[PlyCount "64"]

1. Nf3 Nf6 2. d3 d5 3. Bg5 Nbd7 4. Nbd2 h6 5. Bh4 g5 6. Bg3 Nh5 7. e4 Nxg3 8.
hxg3 dxe4 9. Nxg5 Bg7 10. Ngxe4 Bxb2 11. Rb1 Bg7 12. Nc4 Nb6 13. Be2 Nd5 14.
Rb3 a5 15. a4 f5 16. Bh5+ Kf8 17. Qf3 Nb4 18. Kd1 Nd5 19. Re1 b6 20. Ne3 e6 21.
Nxd5 Qxd5 22. g4 Bd7 23. Ra3 Rd8 24. Bg6 Bb2 25. gxf5 exf5 26. g4 Bxa3 27. Bxf5
Bxf5 28. gxf5 Bb4 29. Rh1 Qa2 30. Ng5 Qb1+ 31. Ke2 Qxc2+ 32. Ke3 Rxd3+ 0-1

[Event "Finkenstein Open"]
[Site "?"]
[Date "2000.08.12"]
[Round "1.35"]
[White "Schumi, Lisa"]
[Black "Legat, Albert"]
[Result "0-1"]
[WhiteElo "1480"]
[BlackElo "1913"]
[PlyCount "72"]

1. e4 e5 2. Nf3 Nc6 3. d4 exd4 4. Nxd4 Nge7 5. Be3 Nxd4 6. Bxd4 Nc6 7. Nc3 f6
8. Bc4 Bb4 9. O-O Bxc3 10. Bxc3 d6 11. Qd3 Qe7 12. Rad1 Bd7 13. Bd5 O-O-O 14.
Qb5 Rde8 15. Bd4 a6 16. Qe2 Nxd4 17. Rxd4 Qe5 18. Qe3 c6 19. Bb3 c5 20. Rc4 b5
21. Rc3 Qxe4 22. Qxe4 Rxe4 23. Bd5 Rd4 24. Bf3 Re8 25. a3 Kc7 26. b4 Kb6 27.
bxc5+ dxc5 28. Rb1 g5 29. h3 f5 30. Kh2 g4 31. Bd1 h5 32. Rg3 c4 33. c3 Rd2 34.
a4 f4 35. Rxg4 hxg4 36. hxg4 Re1 0-1

[Event "Finkenstein Open"]
[Site "?"]
[Date "2000.08.12"]
[Round "1.38"]
[White "Juritsch, Franz"]
[Black "Reichenbacher, Gerhard"]
[Result "0-1"]
[WhiteElo "1460"]
[BlackElo "1893"]
[PlyCount "53"]

1. e4 c5 2. Nf3 Nc6 3. Bc4 e6 4. d4 cxd4 5. Nxd4 Nf6 6. Nxc6 bxc6 7. Bd3 Be7 8.
Bd2 d5 9. exd5 exd5 10. Nc3 O-O 11. h3 Re8 12. O-O Be6 13. Qf3 Nd7 14. Qh5 g6
15. Qh6 Ne5 16. Be2 Bf5 17. Rac1 d4 18. Nd1 Qd5 19. b3 Ba3 20. c4 Qd7 21. Bg5
d3 22. Bf6 Bf8 23. Qf4 dxe2 24. Re1 Nd3 25. Qd2 exd1=Q 26. Rcxd1 Rxe1+ 27. Rxe1
0-1

[Event "Finkenstein Open"]
[Site "?"]
[Date "2000.08.12"]
[Round "1.40"]
[White "Juritsch, Andrea"]
[Black "Androsch, Guenther"]
[Result "0-1"]
[WhiteElo "1416"]
[BlackElo "1887"]
[PlyCount "42"]

1. e4 d6 2. Nf3 Nf6 3. Nc3 g6 4. d4 Bg7 5. Be2 c6 6. Bf4 h6 7. h3 Qa5 8. O-O
Nbd7 9. Bc4 e5 10. dxe5 dxe5 11. Bg3 O-O 12. Re1 Nh5 13. Bh2 Nf4 14. Qd6 Nb6
15. b4 Nxc4 16. bxa5 Nxd6 17. Bxf4 exf4 18. e5 Nf5 19. g4 fxg3 20. fxg3 Nxg3
21. Kg2 Rd8 0-1

[Event "Finkenstein Open"]
[Site "?"]
[Date "2000.08.12"]
[Round "2.1"]
[White "Fercec, Nenad"]
[Black "Piber, Vinko"]
[Result "1-0"]
[WhiteElo "2458"]
[BlackElo "2024"]
[PlyCount "87"]

1. e4 e6 2. d4 d5 3. Nc3 Bb4 4. e5 c5 5. a3 Ba5 6. b4 cxd4 7. Qg4 Ne7 8. Nb5
Bc7 9. Qxg7 Rg8 10. Qxh7 a6 11. Nxc7+ Qxc7 12. Ne2 Qxe5 13. Bb2 Qc7 14. f4 Nbc6
15. Qd3 e5 16. fxe5 Bf5 17. Qd2 Rc8 18. Rc1 Rg4 19. Ng3 Qxe5+ 20. Be2 Rf4 21.
Rf1 Rxf1+ 22. Kxf1 Qe3 23. Qxe3 dxe3 24. Nxf5 Nxf5 25. Bd3 Nfe7 26. Ke2 d4 27.
Rf1 Rd8 28. c3 dxc3 29. Bxc3 Nd5 30. Ba1 Rd6 31. h4 Rh6 32. g3 f6 33. Be4 Nce7
34. Rd1 Rh5 35. g4 Rxh4 36. Bxd5 Nxd5 37. Rxd5 Rxg4 38. Rf5 Rg2+ 39. Kxe3 Ra2
40. Bc3 Rxa3 41. Kd4 Kd7 42. Kc4 b5+ 43. Kd3 a5 44. Rxb5 1-0

[Event "Finkenstein Open"]
[Site "?"]
[Date "2000.08.13"]
[Round "2.2"]
[White "Juritsch, Harald"]
[Black "Horvath, Peter"]
[Result "0-1"]
[WhiteElo "2036"]
[BlackElo "2434"]
[PlyCount "56"]

1. c4 e6 2. g3 d5 3. cxd5 exd5 4. d4 Nf6 5. Bg2 Nbd7 6. Nc3 c6 7. a3 a5 8. Nf3
Bd6 9. O-O O-O 10. Bd2 Re8 11. Qc2 Nb6 12. b3 Bd7 13. Rfe1 Ne4 14. Nxe4 dxe4
15. Ng5 f5 16. h4 Nd5 17. e3 Qe7 18. Qb2 h6 19. Nh3 g5 20. hxg5 hxg5 21. Bf1
Kg7 22. Kg2 Rh8 23. Ng1 f4 24. exf4 gxf4 25. Bxf4 Nxf4+ 26. gxf4 Qh4 27. d5+
Kf7 28. Bc4 Bh3+ 0-1

[Event "Finkenstein Open"]
[Site "?"]
[Date "2000.08.13"]
[Round "2.3"]
[White "Schippel, Gert"]
[Black "Kiss, Attila"]
[Result "0-1"]
[WhiteElo "2016"]
[BlackElo "2338"]
[PlyCount "58"]

1. Nf3 c5 2. c4 b6 3. g3 Bb7 4. Bg2 g6 5. d4 cxd4 6. Qxd4 Nf6 7. O-O Bg7 8. Nc3
d6 9. Be3 Nbd7 10. Rac1 Rc8 11. b3 O-O 12. Qh4 a6 13. Rfd1 Rc7 14. Bh6 Qa8 15.
Bxg7 Kxg7 16. Qd4 Rfc8 17. Qe3 Kf8 18. Ne1 Bxg2 19. Nxg2 b5 20. cxb5 axb5 21.
Nxb5 Rxc1 22. Rxc1 Rxc1+ 23. Qxc1 Qxa2 24. Nd4 e5 25. Nb5 Ne4 26. Nc3 Nxc3 27.
Qxc3 Qxe2 28. Ne3 Nc5 29. Nd5 Qd1+ 0-1

[Event "Finkenstein Open"]
[Site "?"]
[Date "2000.08.13"]
[Round "2.4"]
[White "Fucak, Emilijo"]
[Black "Tarmann, Johannes"]
[Result "1-0"]
[WhiteElo "2334"]
[BlackElo "1992"]
[PlyCount "80"]

1. c4 Nf6 2. Nc3 e5 3. Nf3 Nc6 4. g3 g6 5. Bg2 Bg7 6. d4 exd4 7. Nxd4 O-O 8.
Nxc6 dxc6 9. Qxd8 Rxd8 10. Bd2 Be6 11. b3 Rd7 12. h3 Rad8 13. O-O-O Bf8 14. Bg5
Rxd1+ 15. Rxd1 Rxd1+ 16. Kxd1 Kg7 17. Be3 a6 18. Bd4 Be7 19. Ne4 Bf5 20. Be5
Bxe4 21. Bxe4 Kf8 22. Bg2 Ne8 23. Kd2 Bd6 24. Bc3 f6 25. h4 Ke7 26. Bh3 Kd8 27.
f4 Be7 28. e4 Nd6 29. Kd3 f5 30. exf5 Nxf5 31. Be1 Bf6 32. h5 c5 33. g4 Nd4 34.
Bg2 gxh5 35. g5 Bg7 36. Bxb7 c6 37. Bxa6 Nf3 38. Ke2 Nxe1 39. Kxe1 h6 40. g6
40... Kc7 {Zeit} 1-0

[Event "Finkenstein Open"]
[Site "?"]
[Date "2000.08.13"]
[Round "2.5"]
[White "Boskovic, Martin"]
[Black "Jeric, Simon"]
[Result "0-1"]
[WhiteElo "1968"]
[BlackElo "2333"]
[PlyCount "58"]

1. d4 b5 2. e4 Bb7 3. f3 b4 4. c4 e6 5. Be3 a5 6. Bd3 g6 7. a3 Na6 8. Ne2 Bg7
9. Qc2 Ne7 10. Nd2 d6 11. Rd1 O-O 12. O-O c5 13. d5 Nc7 14. g4 Bc8 15. Ng3 f5
16. gxf5 exf5 17. exf5 Nxf5 18. Nxf5 Bxf5 19. Ne4 Qd7 20. Qf2 Rae8 21. Nxc5
dxc5 22. Bxc5 Bxd3 23. Rxd3 Rf4 24. axb4 Rxc4 25. bxa5 Qb5 26. b4 Rxc5 27. Qxc5
Qxd3 28. Qxc7 Bd4+ 29. Rf2 Qxf3 0-1

[Event "Finkenstein Open"]
[Site "?"]
[Date "2000.08.13"]
[Round "2.6"]
[White "Sebenik, Matej"]
[Black "Kainz, Josef"]
[Result "1-0"]
[WhiteElo "2287"]
[BlackElo "1925"]
[PlyCount "87"]

1. d4 Nf6 2. c4 c5 3. d5 e6 4. Nc3 exd5 5. cxd5 d6 6. Nf3 g6 7. g3 Bg7 8. Bg2
a6 9. a4 O-O 10. O-O Qc7 11. Re1 Re8 12. h3 h6 13. e4 Nbd7 14. Bf4 g5 15. Be3
Rb8 16. Rc1 b5 17. axb5 axb5 18. b4 c4 19. Nd4 Ne5 20. Bf1 Bd7 21. Ra1 g4 22.
Ra5 Nf3+ 23. Nxf3 gxf3 24. Bd4 Ra8 25. Rxa8 Rxa8 26. Qxf3 Nh7 27. Bxg7 Kxg7 28.
e5 Re8 29. e6 fxe6 30. dxe6 Ng5 31. Qg4 Bxe6 32. Rxe6 Rxe6 33. h4 Qe7 34. hxg5
hxg5 35. Nxb5 d5 36. Nd4 Re4 37. Nf5+ Kf6 38. Nxe7 Rxg4 39. Nxd5+ Ke6 40. Bh3
Kxd5 41. Bxg4 c3 42. Bd1 Kc4 43. Kg2 Kxb4 44. Kf3 1-0

[Event "Finkenstein Open"]
[Site "?"]
[Date "2000.08.13"]
[Round "2.7"]
[White "Hodac, Herbert"]
[Black "Neulinger, Manfred"]
[Result "0-1"]
[WhiteElo "1927"]
[BlackElo "2286"]
[PlyCount "56"]

1. e4 c6 2. Nc3 d5 3. Nf3 dxe4 4. Nxe4 Nf6 5. Nxf6+ gxf6 6. d4 Bg4 7. Be2 Nd7
8. Bf4 Qb6 9. O-O O-O-O 10. Be3 Qc7 11. Nh4 h5 12. Bxg4 hxg4 13. Qxg4 e6 14.
Bf4 Bd6 15. Bxd6 Qxd6 16. Qg3 Qxd4 17. Nf3 Qxb2 18. Qf4 Qc3 19. Rab1 Nc5 20.
Rb4 b5 21. Rd4 Rxd4 22. Nxd4 Nb7 23. a4 Rd8 24. Ne2 Qxc2 25. Qf3 b4 26. g3 b3
27. Nc3 b2 28. Qxf6 Rd3 0-1

[Event "Finkenstein Open"]
[Site "?"]
[Date "2000.08.13"]
[Round "2.8"]
[White "Keller, Manfred"]
[Black "Polansek, Justin"]
[Result "1-0"]
[WhiteElo "2200"]
[BlackElo "1894"]
[PlyCount "45"]

1. e4 c5 2. Nf3 d6 3. Bb5+ Bd7 4. Bxd7+ Qxd7 5. O-O Nc6 6. c3 Nf6 7. d4 cxd4 8.
cxd4 Nxe4 9. d5 Nd8 10. Re1 Nf6 11. Bg5 Ng8 12. Nc3 h6 13. Bf4 e6 14. Qb3 Be7
15. Nb5 a6 16. Nxd6+ Bxd6 17. dxe6 Nxe6 18. Rad1 Bxf4 19. Rxd7 Kxd7 20. Rxe6
fxe6 21. Qxb7+ Bc7 22. Qxa8 a5 23. Qf8 1-0